000
00292nam a2200085Ia 4500
008
211105s9999 xx 000 0 und d
020
_a
"
100
_a
CAVA, Roberta
_9
117332
245
0
_a
Dealing with difficult people : proven strategies for handling stressful situations and defusing tensions
999
_c
578317
_d
578316